Southville International School and Colleges
Your cart is empty.
  • Cart
  • Lists
    Public lists Eva Luna New books Lux_list list_1
    Your lists Log in to create your own lists
  • Log in to your account
  • Your cookies
  • Search history
Southville International School and Colleges
  • Advanced search
  • Recent comments
  • Most popular
  • Libraries

Log in to your account

Log in with GOOGLE


If you do not have an external account, but do have a local account, you can still log in:

  1. Home
  2. MARC view: Barron's English for foreign language speakers :
Normal view MARC view ISBD view

Barron's English for foreign language speakers : (Record no. 727)

[ view plain ]
MARC details
000 -LEADER
fixed length control field 01479cam a2200385 a 4500
001 - CONTROL NUMBER
control field 14901874
003 - CONTROL NUMBER IDENTIFIER
control field OSt
005 - DATE AND TIME OF LATEST TRANSACTION
control field 20140310181637.0
008 - FIXED-LENGTH DATA ELEMENTS--GENERAL INFORMATION
fixed length control field 070625s2008 nyu b 001 0 eng
010 ## - LIBRARY OF CONGRESS CONTROL NUMBER
LC control number 2007025834
020 ## - INTERNATIONAL STANDARD BOOK NUMBER
International Standard Book Number 9780764137365 (alk. paper)
020 ## - INTERNATIONAL STANDARD BOOK NUMBER
International Standard Book Number 0764137360 (alk. paper)
040 ## - CATALOGING SOURCE
Original cataloging agency DLC
Transcribing agency DLC
Modifying agency DLC
050 00 - LIBRARY OF CONGRESS CALL NUMBER
Classification number PE 1128
Item number .L336 2008
082 00 - DEWEY DECIMAL CLASSIFICATION NUMBER
Classification number TR 428.2422
Item number L11 2008
100 1# - MAIN ENTRY--PERSONAL NAME
Personal name Lacie, Christina.
9 (RLIN) 897
245 10 - TITLE STATEMENT
Title Barron's English for foreign language speakers :
Remainder of title the easy way /
Statement of responsibility, etc Christina Lacie
246 30 - VARYING FORM OF TITLE
Title proper/short title English for foreign language speakers
260 ## - PUBLICATION, DISTRIBUTION, ETC. (IMPRINT)
Place of publication, distribution, etc Hauppauge [NY] :
Name of publisher, distributor, etc Barron's Educational Series,
Date of publication, distribution, etc c2008.
300 ## - PHYSICAL DESCRIPTION
Extent vii, 459 p. ;
Dimensions 28 cm.
490 0# - SERIES STATEMENT
Series statement Barron's Educational series
490 0# - SERIES STATEMENT
Series statement The easy way
504 ## - BIBLIOGRAPHY, ETC. NOTE
Bibliography, etc Includes bibliographical references and index.
521 ## - TARGET AUDIENCE NOTE
Target audience note
541 ## - IMMEDIATE SOURCE OF ACQUISITION NOTE
-- 1
562 ## - COPY AND VERSION IDENTIFICATION NOTE
Number of copies 1
650 #0 - SUBJECT ADDED ENTRY--TOPICAL TERM
Topical term or geographic name as entry element English language
Form subdivision Textbooks for foreign speakers.
9 (RLIN) 898
650 #0 - SUBJECT ADDED ENTRY--TOPICAL TERM
Topical term or geographic name as entry element English language
General subdivision Examination
Form subdivision Study guides.
9 (RLIN) 899
650 #0 - SUBJECT ADDED ENTRY--TOPICAL TERM
Topical term or geographic name as entry element English language
General subdivision Ability testing.
9 (RLIN) 900
856 41 - ELECTRONIC LOCATION AND ACCESS
Materials specified Table of contents only
Uniform Resource Identifier <a href="http://www.loc.gov/catdir/toc/ecip0721/2007025834.html">http://www.loc.gov/catdir/toc/ecip0721/2007025834.html</a>
856 42 - ELECTRONIC LOCATION AND ACCESS
Materials specified Publisher description
Uniform Resource Identifier <a href="http://www.loc.gov/catdir/enhancements/fy0742/2007025834-d.html">http://www.loc.gov/catdir/enhancements/fy0742/2007025834-d.html</a>
906 ## - LOCAL DATA ELEMENT F, LDF (RLIN)
a 7
b cbc
c orignew
d 1
e ecip
f 20
g y-gencatlg
942 ## - ADDED ENTRY ELEMENTS (KOHA)
Source of classification or shelving scheme Library of Congress Classification
Koha item type
Call number prefix
Holdings
Withdrawn status Lost status Source of classification or shelving scheme Damaged status Home library Current library Shelving location Date acquired Total Checkouts Full call number Barcode Date last seen Copy number Price effective from Koha item type
    Library of Congress Classification   Luxembourg Library Luxembourg Library Teachers Reference Section 07/16/2013   PE 1128 .L336 2008 18541 07/17/2019 1 10/03/2013 Books

Barron's English for foreign language speakers :

APA

Lacie C., . (2008). Barron's English for foreign language speakers. Hauppauge [NY]: Barron's Educational Series.

Chicago

Lacie Christina, . 2008. Barron's English for foreign language speakers. Hauppauge [NY]: Barron's Educational Series.

Harvard

Lacie C., . (2008). Barron's English for foreign language speakers. Hauppauge [NY]: Barron's Educational Series.

MLA

Lacie Christina, . Barron's English for foreign language speakers. Hauppauge [NY]: Barron's Educational Series. 2008.

  • Place hold
  • Print
  • Cite
  • Add to your cart (remove)
  • Save record
    BIBTEX Dublin Core MARCXML MARC (non-Unicode/MARC-8) MARC (Unicode/UTF-8) MARC (Unicode/UTF-8, Standard) MODS (XML) RIS
  • More searches
    Search for this title in:
    Other Libraries (WorldCat) Other Databases (Google Scholar) Online Stores (Bookfinder.com) Open Library (openlibrary.org)

Exporting to Dublin Core...

SOUTHVILLE LIBRARY

Southville International School and Colleges Library

1281 Tropical Ave. Cor. Luxembourg St., BF Homes International, Las Pinas City

Tel. No. 8256374 / 252358 Loc. 117/146

Powered by Koha